New model Thai-English dictionary. (Record no. 67835)

MARC details
000 -LEADER
fixed length control field 00618cam a22002291 4500
001 - CONTROL NUMBER
control field sa 66001473
003 - CONTROL NUMBER IDENTIFIER
control field DLC
005 - DATE AND TIME OF LATEST TRANSACTION
control field 20260227112222.0
008 - FIXED-LENGTH DATA ELEMENTS--GENERAL INFORMATION
fixed length control field 770330s1965 th d 000 0 eng
010 ## - LIBRARY OF CONGRESS CONTROL NUMBER
LC control number sa 66001473
035 ## - SYSTEM CONTROL NUMBER
System control number (OCoLC)2847487
040 ## - CATALOGING SOURCE
Original cataloging agency DLC
Transcribing agency NcRS
Modifying agency NcRS
-- OCoLC
-- DLC
041 0# - LANGUAGE CODE
Language code of text/sound track or separate title engtha
042 ## - AUTHENTICATION CODE
Authentication code premarc
050 00 - LIBRARY OF CONGRESS CALL NUMBER
Classification number PL4187
Item number .S6 1965
100 0# - MAIN ENTRY--PERSONAL NAME
Personal name So Sethaputra.
245 10 - TITLE STATEMENT
Title New model Thai-English dictionary.
250 ## - EDITION STATEMENT
Edition statement [1st] library ed.
260 ## - PUBLICATION, DISTRIBUTION, ETC.
Place of publication, distribution, etc. Samud Prakan, Thailand
Date of publication, distribution, etc. [1965]
300 ## - PHYSICAL DESCRIPTION
Extent 2 v. (1328 p.)
Dimensions 27 cm.
650 #0 - SUBJECT ADDED ENTRY--TOPICAL TERM
Topical term or geographic name entry element English language
General subdivision Dictionaries
-- Thai.

No items available.

Powered by Koha